El Apocalipsis, una respuesta al tiempo / (Record no. 30149)

MARC details
000 -LEADER
campo de control de longitud fija 00708nam a2200217 i 4500
001 - NÚMERO DE CONTROL
campo de control 30149
003 - IDENTIFICADOR DE NÚMERO DE CONTROL
campo de control ES-MaACL
005 - FECHA Y HORA DE LA ÚLTIMA TRANSACCIÓN
campo de control 20230906154139.0
007 - CAMPO FIJO DE DESCRIPCIÓN FÍSICA--INFORMACIÓN GENERAL
campo de control de longitud fija t|
008 - DATOS DE LONGITUD FIJA--INFORMACIÓN GENERAL
campo de control de longitud fija 030123s1967 sp ||||1| spa d
100 1# - ENTRADA PRINCIPAL--NOMBRE DE PERSONA
Nombre de persona Barsotti, Divo.
9 (RLIN) 26094
245 13 - MENCIÓN DEL TÍTULO
Título El Apocalipsis, una respuesta al tiempo /
Mención de responsabilidad, etc. Divo Barsotti ; [tradujo Alfonso Ortiz García].
260 ## - PUBLICACIÓN, DISTRIBUCIÓN, ETC.
Lugar de publicación, distribución, etc. Salamanca :
Nombre del editor, distribuidor, etc. Sígueme,
Fecha de publicación, distribución, etc. 1967.
300 ## - DESCRIPCIÓN FÍSICA
Extensión 356 p. ;
Dimensiones 22 cm.
490 1# - MENCIÓN DE SERIE
Mención de serie Nueva Alianza ;
Designación de volumen o secuencia 27
630 04 - PUNTO DE ACCESO ADICIONAL DE MATERIA--TÍTULO UNIFORME
Título uniforme Biblia.
Nombre de parte o sección de la obra N.T.
-- Apocalipsis-
Subdivisión general Crítica e interpretación.
9 (RLIN) 144760
700 1# - ENTRADA AGREGADA--NOMBRE PERSONAL
Nombre de persona Ortiz García, Alfonso.
9 (RLIN) 87618
830 0# - PUNTO DE ACCESO ADICIONAL DE SERIE-TÍTULO UNIFORME
Título uniforme Nueva Alianza ;
Designación de volumen o secuencia 27
9 (RLIN) 181320
852 ## - LOCALIZACIÓN
Ubicación ES-MaACL
Número de control de estantería C-33045
Sublocalización o colección R.63695
Holdings
Estatus retirado Estado de pérdida Estado de daño No para préstamo Biblioteca de origen Biblioteca actual Ubicación en estantería Fecha de adquisición Fuente de adquisición Total de préstamos Signatura topográfica completa Código de barras Visto por última vez Precio de reemplazo Tipo de ítem Koha
        Biblioteca del Ateneo de Madrid Biblioteca del Ateneo de Madrid Depósito 2 17/01/2008     C-33045 1031126 23/02/2023 23/02/2023 Libro impreso